Statystyki dla Państwa z największym udziałem marynarki w siłach zbrojnych (2009)

Kliknij tutaj aby rozwiązać quiz!

Ogólne statystyki

  • Ten quiz został rozwiązany 466 razy
  • Średni wynik to 14 z 25

Statystyki odpowiedzi

LpPaństwoProc.% Poprawnych
8.Stany Zjednoczone24,3%
99%
16.Wielka Brytania21,4%
91%
15.Japonia21,9%
88%
20.Kanada19,3%
86%
25.Francja17,3%
83%
23..Włochy17,8%
77%
17.Norwegia20,6%
76%
3.Szwecja28,6%
74%
21.Meksyk19,2%
73%
24.Finlandia17,7%
70%
19.Dania19,8%
66%
7.Argentyna24,5%
65%
12.Portugalia22,7%
65%
6.Chile24,8%
64%
10.Nowa Zelandia22,9%
58%
2.Peru31,3%
48%
14.Wenezuela22,2%
48%
13.Filipiny22,6%
46%
11.Holandia22,8%
43%
18.Urugwaj19,9%
37%
9.Tajlandia23,0%
36%
1.Czarnogóra45,2%
6%
5.Trynidad i Tobago25,9%
5%
4.Antigua i Barbuda26,5%
4%
22.Barbados18,0%
4%

Rozkład punktacji

Percentyl według liczby udzielonych odpowiedzi

Procent ludzi z każdym wynikiem

Twoja historia wyników

Nie rozwiązałeś tego quizu